Biblical Integration Models for Education (Record no. 48973)
| 000 -LEADER | |
|---|---|
| fixed length control field | 00403nam a22001217a 4500 |
| 008 - FIXED-LENGTH DATA ELEMENTS--GENERAL INFORMATION | |
| fixed length control field | 250630b |||||||| |||| 00| 0 eng d |
| 020 ## - INTERNATIONAL STANDARD BOOK NUMBER | |
| International Standard Book Number | 9798765777510 |
| 100 ## - MAIN ENTRY--PERSONAL NAME | |
| Personal name | Lorelei Coddington (Author), June Hetzel (Author) |
| 9 (RLIN) | 86356 |
| 245 ## - TITLE STATEMENT | |
| Title | Biblical Integration Models for Education |
| 260 ## - PUBLICATION, DISTRIBUTION, ETC. (IMPRINT) | |
| Place of publication, distribution, etc | United States |
| Name of publisher, distributor, etc | Kendall Hunt Publishing |
| Date of publication, distribution, etc | 2023 |
| 300 ## - PHYSICAL DESCRIPTION | |
| Extent | 284 p |
| Other physical details | col. ill. |
| Dimensions | 20.65 cm x 28.7 cm |
| 942 ## - ADDED ENTRY ELEMENTS (KOHA) | |
| Source of classification or shelving scheme | |
| Withdrawn status | Lost status | Source of classification or shelving scheme | Damaged status | Not for loan | Collection code | Home library | Current library | Date acquired | Total Checkouts | Full call number | Barcode | Date last seen | Price effective from | Koha item type |
|---|---|---|---|---|---|---|---|---|---|---|---|---|---|---|
| Non-Fiction | Asian Hope Siem Reap | Asian Hope Siem Reap | 06/30/2025 | NFIC LOR | 208226 | 06/30/2025 | 06/30/2025 | Book |